|
|
|
|
| LEADER |
00000ckm a2200000 a 4500 |
| 001 |
vtls001466938 |
| 003 |
SK-MaSNL |
| 005 |
20260426001902.0 |
| 007 |
kf ou |
| 008 |
240409s2003 xo g 0k slo |
| 015 |
|
|
|a SNBG2005/01-00101
|
| 035 |
|
|
|a SNK000422243
|
| 035 |
|
|
|a urn:nbn:sk:snk-km002p9r
|
| 035 |
|
|
|a DD1F2CF6-E68D-45C0-AC23-7520A43CCC36
|
| 035 |
|
|
|a urn:nbn:sk:snk-kmtggs
|
| 040 |
|
|
|a SNK
|b slo
|c SNK
|e AACR2
|
| 041 |
0 |
|
|a slo
|
| 080 |
|
|
|a 2-76
|x (437.6)
|2 1981
|
| 080 |
|
|
|a 272-732.2-051
|2 1981
|
| 080 |
|
|
|a (084.5)
|2 1981
|
| 245 |
0 |
0 |
|a Ján Pavol II.
|h grafika
|b 25 na Petrovom stolci : 1978 - 2003
|
| 260 |
|
|
|a Bratislava
|b AVE
|c 2003
|
| 300 |
|
|
|a 1 plagát
|b fareb.
|c 21 x 30 cm
|
| 600 |
0 |
7 |
|a Ján Pavol
|b II.,
|c pápež,
|d 1920-2005
|2 SNKMA
|9 106999
|
| 648 |
|
7 |
|a 2003
|2 SNKPH
|9 301018
|
| 648 |
|
7 |
|a 1978-2003
|2 SNKPH
|9 587083
|
| 650 |
0 |
7 |
|a pápeži
|2 SNKPH
|9 1971
|
| 650 |
0 |
7 |
|a pastoračné cesty
|2 SNKPH
|9 4155
|
| 651 |
|
7 |
|a Slovensko
|2 SNKPH
|9 14231
|
| 655 |
|
7 |
|a plagáty
|2 SNKPH
|9 70571
|
| 852 |
|
|
|a Slovenská národná knižnica
|
| 958 |
|
|
|a CP
|
| 958 |
|
|
|a GBN
|
| 958 |
|
|
|a OND
|
| 999 |
|
|
|c 902875
|d 904805
|
| 952 |
|
|
|t P60, <03>, [BOOK], {603}, -K-
|a SNK
|b SNK
|y PREZ
|7 0
|p 17A0411502
|o snkLPB 1520
|i snkPL 7/2004
|8 0
|0 0
|1 0
|4 0
|d 2004-01-26
|l 0
|r 2005-01-02 00:00:00
|w 2026-02-24
|
| 952 |
|
|
|t P60, <04>, [BOOK], {604}
|a SNK
|b SNK
|y VYP
|7 0
|p 17A0411503
|o snkLPB 1520 D1
|i snkPL 8/2004
|0 0
|1 0
|4 0
|d 2004-01-26
|f 1
|l 0
|r 2005-01-02 00:00:00
|w 2026-02-24
|